[Event "Gipuzkoako Banakako Txapelketa"]
[Site "Tolosa"]
[Date "2011.10.23"]
[Round "2.8"]
[White "Abalia Patino, Aritz"]
[Black "Herrero Sastre, Javier"]
[Result "1-0"]
[WhiteElo "1643"]
[BlackElo "1580"]
[PlyCount "99"]
[EventDate "2011.10.16"]
[EventType "swiss"]
[EventRounds "5"]
[EventCountry "ESP"]
[SourceTitle "EXT 2024"]
[Source "ChessBase"]
[SourceDate "2023.10.10"]
[SourceVersion "1"]
[SourceVersionDate "2023.10.10"]
[SourceQuality "1"]

1. e4 e5 2. Nf3 Nc6 3. Bc4 Bc5 4. c3 d6 5. d4 Bb6 6. dxe5 dxe5 7. Qxd8+ Nxd8 8. Nxe5 Nf6 9. f3 0-0 10. Bg5 Re8 11. Bxf6 gxf6 12. Nd3 f5 13. e5 Nc6 14. f4 Be3 15. Ke2 Bb6 16. Kd1 Be6 17. Bxe6 Rxe6 18. Kc2 Rd8 19. Nd2 f6 20. Nc4 fxe5 21. Ndxe5 Na5 22. Nxb6 axb6 23. Rad1 Rdd6 24. Rhe1 Rg6 25. Nxg6 hxg6 26. Rxd6 cxd6 27. b3 Nc6 28. Re6 d5 29. Rxg6+ Kf7 30. Rd6 Ne7 31. Rxb6 Ng6 32. Rxg6 Kxg6 33. g3 b6 34. Kd3 Kf6 35. Kd4 Ke6 36. h4 Kf6 37. Kxd5 Kg6 38. a4 Kh6 39. a5 bxa5 40. c4 Kg6 41. c5 a4 42. bxa4 Kf6 43. c6 Ke7 44. a5 Kd8 45. Kd6 Kc8 46. c7 Kb7 47. Kd7 Ka7 48. a6 Ka8 49. c8Q+ Ka7 50. Qb7# 1-0